| 000 | 00960nam a2200241Ii 4500 | ||
|---|---|---|---|
| 003 | JO-AjNU | ||
| 008 | 230605s9999||||xx |||||||||||||| ||und|| | ||
| 017 | _a2004/21207 | ||
| 020 | _a977-337-175-1 | ||
| 040 |
_aJO-AjNU _bara _erda _cJO-AjNU |
||
| 041 | _aara | ||
| 050 | 1 | 4 | _aHF5734.5.M364 2009 |
| 100 | 3 |
_aاعداد: مركز الخبرات المهنية اللادارة بميك؛المستشار:عبدالرحمن توفيق, _eauthor _932348 |
|
| 245 | 0 | 0 | _aالمناهج التدريبية: منهج منع الخسائر والكوارث : ادارة الامن وتامين المؤتمرات |
| 250 | _aط5 | ||
| 264 | 3 | 1 | _aالقاهرة: مركز الخبرات المهنية اللادارة بميك، 2009 |
| 300 | _a115ص | ||
| 336 |
_atext _btxt _2rdacontent |
||
| 337 |
_aunmediated _bn _2rdamedia |
||
| 338 |
_avolume _bnc _2rdacarrier |
||
| 490 | 0 | _aSecurity Management 231 | |
| 650 | 4 |
_aتأمين المؤتمرات _932349 |
|
| 999 |
_aA13048 _c16616 _d16616 |
||